000 00310nam a2200109Ia 4500
008 171211s9999 xx 000 0 und d
245 2 _aA Woman's Guide to Muscle and Strength
245 _cIrene Lewis-McCormick
260 _c2012
650 _xHEALTH
856 _uhttp://down.ebook777.com/017/9780736090353.pdf
999 _c348380
_d348380